Statistics for 300 Strikeout Seasons

Click here to take the quiz!

General Stats

  • This quiz has been taken 132 times
    (67 since last reset)
  • The average score is 29 of 39

Answer Stats

YearsYearAnswer% Correct
3831973Nolan Ryan
100%
3671974Nolan Ryan
100%
3011989Nolan Ryan
100%
3411977Nolan Ryan
100%
3291972Nolan Ryan
100%
3291976Nolan Ryan
100%
3271976Nolan Ryan
100%
3081993Randy Johnson
98%
3722001Randy Johnson
98%
3641999Randy Johnson
98%
3472000Randy Johnson
98%
3342002Randy Johnson
98%
3291998Randy Johnson
98%
3031912Walter Johnson
98%
3131910Walter Johnson
98%
3171966Sandy Koufax
94%
3821965Sandy Koufax
94%
3061963Sandy Koufax
94%
3002019Justin Verlander
88%
3131999Pedro Martinez
80%
3051997Pedro Martinez
80%
3012015Clayton Kershaw
78%
3262019Gerrit Cole
78%
3162002Curt Schilling
66%
3001998Curt Schilling
66%
3191997Curt Schilling
66%
3002018Max Scherzer
66%
3101972Steve Carlton
62%
3481946Bob Feller
50%
3011971Vida Blue
46%
3082017Chris Sale
42%
3061986Mike Scott
34%
3031978J.R. Richard
30%
3131979J.R. Richard
30%
3021903Rube Waddell
26%
3491904Rube Waddell
26%
3041970Sam McDowell
26%
3251965Sam McDowell
26%
3081971Mickey Lolich
20%

Score Distribution

Percentile by Number Answered

Percent of People with Each Score

Your Score History

You have not taken this quiz since the last reset